000 00314 a2200133 4500
000 nam a22 7a 4500
100 _aJohn, MacInnes
110 _aJohn, MacInnes
245 _aStatistical Inference and Probability
250 _alatest edition
260 _bSage
_c2025
264 _bSage
_c2025
942 _cBK
999 _c397144
_d397144